Systém strategického pozorovania a jeho význam pre podnik

Strategické informácie v manažmente podniku. Interné a externé strategické informácie. Systém strategického pozorovania. Cieľ systému strategického pozorovania. Formy systému strategického pozorovania. Systematický monitoring externého prostredia podniku. Prístupy k systému strategického pozorovania...

Full description

Saved in:
Bibliographic Details
Main Author: Demjanová, Lucia, 1981-
Format: Book Chapter
Language:Slovak
Subjects:
Tags: Add Tag
No Tags, Be the first to tag this record!

MARC

LEADER 00000naa$a2200000$$$4500
001 0082549
005 20240502071927.9
041 0 |a slo 
044 |a SK 
245 1 0 |a Systém strategického pozorovania a jeho význam pre podnik  |c Lucia Demjanová 
520 |a Strategické informácie v manažmente podniku. Interné a externé strategické informácie. Systém strategického pozorovania. Cieľ systému strategického pozorovania. Formy systému strategického pozorovania. Systematický monitoring externého prostredia podniku. Prístupy k systému strategického pozorovania. Výhody a možnosti aplikácie formalizovaného systému strategického pozorovania v podnikovej praxi. 
610 2 0 |a manažment 
610 2 0 |a manažéri 
610 2 0 |a riadenie podnikové 
610 2 0 |a riadenie strategické 
610 2 0 |a informácie 
100 1 |a Demjanová, Lucia, 1981-